|
|
|
|
| LEADER |
00000nam0a2200000 4500 |
| 001 |
257917 |
| 005 |
20231101233240.0 |
| 010 |
|
|
|a 5655000296
|
| 035 |
|
|
|a (RuTPU)RU\TPU\book\280742
|
| 090 |
|
|
|a 257917
|
| 100 |
|
|
|a 20140421d1988 km y0rusy50 ca
|
| 101 |
0 |
|
|a rus
|
| 102 |
|
|
|a KG
|
| 105 |
|
|
|a y z 000zy
|
| 200 |
1 |
|
|a Космические фантазии и земная реальность
|f А. Е. Бовин
|
| 210 |
|
|
|a Фрунзе
|c Кыргыстан
|d 1988
|
| 215 |
|
|
|a 92 с.
|
| 225 |
1 |
|
|a По ту сторону
|
| 606 |
1 |
|
|a Внешняя политика США
|2 stltpush
|3 (RuTPU)RU\TPU\subj\2634
|9 31175
|
| 610 |
1 |
|
|a вооружение
|
| 610 |
1 |
|
|a космос
|
| 610 |
1 |
|
|a Звездные войны
|
| 610 |
1 |
|
|a милитаризация
|
| 610 |
1 |
|
|a противоракетная оборона
|
| 610 |
1 |
|
|a ядерное вооружение
|
| 686 |
|
|
|a Ф4(7США)
|v LBC/SL-A
|2 rubbk
|
| 700 |
|
1 |
|a Бовин
|b А. Е.
|g Александр Евгеньевич
|
| 801 |
|
1 |
|a RU
|b 63413507
|c 20140421
|
| 801 |
|
2 |
|a RU
|b 63413507
|c 20140922
|g RCR
|
| 942 |
|
|
|c BK
|